000 00701nam a2200205 i 4500
003 IT-RoINE
005 20191004085755.0
008 191004s1998 it |||||r|||| 00| | ita d
110 2 _aMissionari della regalità di Cristo (Milán, Italia)
_963088
245 1 0 _aCostituzioni dell'Istituto secolare dei Missionari della Regalità di Cristo.
260 _a[Milano :
_bs.n.,
_c1998]
300 _aXV, 33 p. ;
_c15 cm.
336 _2rdacontent
_atext
337 _2rdamedia
_aunmediated
338 _2rdacarrier
_avolume
500 _aPro manuscripto.
610 2 4 _aMissionari della regalità di Cristo (Milán, Italia)
_xReglas
_963089
650 4 _963081
_aInstitutos seculares
_xReglas
942 _cMTS
999 _c32162
_d32162